Mr. Bungle Albums (plus bonus questions!) - Statistics

General Stats
  • This quiz has been taken 27 times
    26 since last reset
  • The average score is 7 of 10
Answer Stats
Year, Classification Answer % Correct
What is at least one other band Mike Patton had association with? Fantomas, Tomahawk, Peeping tom, Faith no more
95%
Who is the lead singer for Mr. Bungle? Mike Patton
95%
1991, Studio Mr. Bungle
95%
What band did Mr. Bungle have a notorious feud with? Red Hot Chili Peppers
90%
1999, Studio California
85%
1995, Studio Disco Volante
75%
1986, Demo The raging wrath of the Easter Bunny
55%
1989, Demo OU818
30%
1988, Demo Goddammit I love America!!!$!!
25%
1987, Demo Bowel of chiley
20%
No matching quizzes found
Score Distribution
Percent of People with Each Score
Percentile by Number Answered
Your Score History
You have not taken this quiz since the last reset